000 00600nam a2200181Ia 4500
008 090630s9999 xx 000 0 und d
082 _b13160
100 _aपाटील शालिनी.
245 _aबंध रेशमाचे.
_cपाटील शालिनी.
260 _bशांती - पुणे.
300 _a286
600 _aपाटील शालिनी.
630 _aबंध रेशमाचे.
655 _aकादंबरी.
700 _aपाटील शालिनी.
730 _aबंध रेशमाचे.
942 _cBOOK
999 _c265016
_d265016